000 02139nam a2200445 a 4500
001 00003845
003 DO-SdBNP
005 20180309082059.0
007 00003845
008 091117s2014 dr ac 000 0 spa d
020 _a9789945118339
040 _aBPMSU
_bspa
_cBPMSU
082 0 4 _a373.6561
_bI37L 3ro. 2014
100 1 _aInchaustegui, Maria Isabel
245 1 0 _aLengua y literatura 3 :
_beducación media /
_cMaría Incháustegui; dirección editorial de Claudia Llibre ; ilustración Ruddy Núñez
260 _aSanto Domingo :
_bSantillana,
_c2014.
300 _a3v. :
_bil., retrs. ;
_c28 cm.
490 1 _aInnova
500 _aTercero de bachillerato 1er. grado / 2do. ciclo
500 _aLa biblioteca posee la guía recursos didácticos para el profesorado.
500 _aEste libro ha sido realizado de conformidad con el currículum vigente y ha sido sometido a la aprobación del MINERD (Ministerio de Educación República Dominicana)
505 0 _gTercer de bachillerato 1er. grado/ 2do. Ciclo --
_tAmerica: nuestra magna patria --
_tHagamos un pacto: respetemos la vida --
_tConflictos sobre el escenario --
_tEsas maravillosas partíiculas --
_tTestigos de excepcion --
_t¡Un donante podría salvar tu vida! --
_tMundos desbordantes de imaginación --
_tVesos, estrofas y poemas --
_tLa moral social --
_tEntre dictaduras y resoluciones --
650 4 _aESPAÑOL
_xENSEÑANZA SECUNDARIA
650 4 _aESPAÑOL
_xEDUCACIÓN SECUNDARIA
650 4 _aESPAÑOL
_xLIBROS DE TEXTOS
650 4 _aEDUCACIÓN SECUNDARIA
_zREPÚBLICA DOMINICANA
650 4 _aESPAÑOL
_xESTUDIOS Y EJERCICIOS
650 4 _aLITERATURA
_xENSEÑANZA SECUNDARIA
650 4 _aLITERATURA
_xESTUDIOS Y EJERCICIOS
650 4 _aLITERATURA
_xLIBROS DE TEXTOS
700 1 _aLlibre, Claudia,
_eed.
700 1 _aGarcía de Escobar, Obdulia,
_eed.
700 1 _aNúñez, Ruddy,
_eil.
830 0 _aInnova
910 _aValidado. Control de calidad MFF
942 _2ddc
_cBK
945 _aRemanejado para la BNPHU / 2018 VM
956 _aVMATEO
_b10
_c20150813
_lBPMSR
_h00151
956 _aLOPEREZ
_b10
_c20160412
_lBPMSU
_h00041
999 _c9698
_d9698